|
|
|
|
| LEADER |
01475cam a2200337Ia 4500 |
| 001 |
9780203474396 |
| 003 |
FlBoTFG |
| 005 |
20091230162920.0 |
| 006 |
a|||||s||||||||||| |
| 007 |
cr|||| |
| 008 |
930914s1992 enka sb 101 0 eng d |
| 020 |
|
|
|a 9780203474396 (e-book : PDF)
|
| 040 |
|
|
|a FlBoTFG
|c FlBoTFG
|d GrThAP
|
| 090 |
|
|
|a HD9715.A2
|b I474 1992
|
| 092 |
|
|
|a 624.0684
|b I612
|
| 111 |
2 |
|
|a International Construction Management Conference
|n (1st :
|d 1992 :
|c University of Manchester Institute of Science and Technology)
|
| 245 |
1 |
0 |
|a Construction conflict management and resolution
|h [electronic resource] /
|c edited by Peter Fenn and Rod Gameson.
|
| 250 |
|
|
|a 1st ed.
|
| 260 |
|
|
|a London ;
|a New York :
|b E & FN Spon,
|c 1992.
|
| 300 |
|
|
|a xviii, 438 p. :
|b ill.
|
| 500 |
|
|
|a "Proceedings of the First International Construction Management Conference, the University of Manchester Institute of Science and Technology (UMIST), 25-27 September 1992."
|
| 504 |
|
|
|a Includes bibliographical references and index.
|
| 530 |
|
|
|a Also available in print edition.
|b CRC Press (http://www.crcpress.com)
|
| 538 |
|
|
|a Mode of access: World Wide Web.
|
| 650 |
|
0 |
|a Construction industry
|x Management
|v Congresses.
|
| 650 |
|
0 |
|a Conflict management
|v Congresses.
|
| 655 |
|
7 |
|a Electronic books.
|2 lcsh
|
| 700 |
1 |
|
|a Fenn, Peter
|q (Peter F.)
|
| 700 |
1 |
|
|a Gameson, Rod.
|
| 776 |
1 |
|
|z 9780419181408
|
| 856 |
4 |
0 |
|u http://www.tandfebooks.com/isbn/9780203474396
|z Full Text via HEAL-Link
|